Mario Kart - Character Quiz - Statistics

General Stats
  • This quiz has been taken 44 times
  • The average score is 43 of 79
Answer Stats
First Charakter % Correct
Super Mario Kart Bowser
100%
Super Mario Kart Luigi
100%
Super Mario Kart Mario
100%
Super Mario Kart Peach
97%
Mario Kart 64 Donkey Kong
94%
Mario Kart 64 Wario
94%
Super Mario Kart Toad
91%
Mario Kart Double Dash Waluigi
91%
Super Mario Kart Yoshi
91%
Mario Kart Double Dash Baby Mario
88%
Mario Kart Double Dash Daisy
88%
Super Mario Kart Koopa Troopa
88%
Mario Kart Double Dash Baby Luigi
85%
Mario Kart Wii Baby Daisy
79%
Mario Kart Wii Baby Peach
79%
Mario Kart Double Dash Diddy Kong
79%
Mario Kart Double Dash Bowser Jr.
76%
Mario Kart DS Dry Bones
76%
Mario Kart Double Dash King Boo
76%
Mario Kart Wii Rosalina
76%
Mario Kart Double Dash Toadette
76%
Mario Kart 8 Link
70%
Mario Kart Wii Funky Kong
67%
Mario Kart Double Dash Birdo
64%
Mario Kart Wii Mii
64%
Mario Kart 8 Baby Rosalina
61%
Mario Kart 7 Lakitu
61%
Mario Kart 7 Metal Mario
61%
Mario Kart Wii Dry Bowser
58%
Mario Kart World Goomba
58%
Mario Kart 8 Larry
58%
Mario Kart 8 Ludwig
58%
Mario Kart 8 Morton
58%
Mario Kart DS Shy Guy
58%
Mario Kart 7 Wiggler
58%
Super Mario Kart Donkey Kong Jr.
55%
Mario Kart 8 Iggy
55%
Mario Kart 8 Villager (Boy)
55%
Mario Kart 8 Villager (Girl)
55%
Mario Kart Double Dash Petey Piranha
52%
Mario Kart 8 Wendy
52%
Mario Kart World Cow
48%
Mario Kart 8 Lemmy
48%
Mario Kart 8 Roy
48%
Mario Kart 8 Gold Mario
45%
Mario Kart 8 Kamek
45%
Mario Kart Double Dash Paratroopa
45%
Mario Kart 8 Pauline
45%
Mario Kart 8 Pink Gold Peach
45%
Mario Kart DS R.O.B.
45%
Mario Kart 8 Tanooki Mario
45%
Mario Kart 8 Cat Peach
42%
Mario Kart World Monty Mole
42%
Mario Kart 8 Peachette
39%
Mario Kart World Dolphin
36%
Mario Kart 7 Honey Queen
36%
Mario Kart 8 Inkling Boy
36%
Mario Kart 8 Inkling Girl
36%
Mario Kart World Pianta
36%
Mario Kart World Cataquack
33%
Mario Kart World Cheep Cheep
33%
Mario Kart World Fish Bone
30%
Mario Kart World Piranha Plant
30%
Mario Kart World Pokey
30%
Mario Kart World Sidestepper
30%
Mario Kart World Chargin Chuck
27%
Mario Kart World Hammer Bro
27%
Mario Kart World Penguin
27%
Mario Kart World Swoop
27%
Mario Kart World Conkdor
24%
Mario Kart World Nabbit
24%
Mario Kart World Para-Biddybud
24%
Mario Kart World Peepa
24%
Mario Kart World Stingby
24%
Mario Kart World Coin Coffer
21%
Mario Kart World Snowman
21%
Mario Kart World Spike
18%
Mario Kart World Rocky Wrench
15%
Mario Kart 8 Melinda
0%
No matching quizzes found
Score Distribution
Percent of People with Each Score
Percentile by Number Answered
Your Score History
You have not taken this quiz